| 000 | 00906nam a2200169 i 4500 | ||
|---|---|---|---|
| 001 | 157330 | ||
| 003 | ES-MaACL | ||
| 005 | 20230906210643.0 | ||
| 008 | 011006s1886 phl |||| | spa d | ||
| 040 |
_aCYL _bspa _cCYL |
||
| 100 | 1 |
_aLaynez Hernando, Marcos. _9128762 |
|
| 245 | 1 | 0 |
_aDiscurso leido en la apertura anual de los estudios de la Real y Pontificia Universidad de Sto. Tomás de Manila el día 2 de julio de 1886 / _cpor el ... Marcos Laynez Hernando. |
| 250 | _aEdición oficial. | ||
| 260 |
_aManila : _b[S. n.], _c1886 ( _fEstablecimiento Tipográfico del Colegio de Sto. Tomás, a cargo de Gervasio Memije) |
||
| 300 |
_a78 p. ; _c25 cm. |
||
| 852 |
_aES-MaACL _jT-658-F-6 _z-- Enc. hol., conservando la cub. original _z-- An. ms.: ded. del autor a Manuel Sáenz Diez _z-- Enc. en un vol. facticio _x-- Edic.: tít. del discurso : "Reflexiones sobre la combinación y el compuesto químico" |
||
| 999 |
_c157330 _d157330 |
||